[Event "Tenerife-chT Preferente"]
[Site "Tenerife"]
[Date "2015.03.28"]
[Round "8.4"]
[White "Lopez Pereyra, Antonio"]
[Black "Alvarez Diaz, Victor Alfonso"]
[Result "1-0"]
[WhiteElo "2079"]
[BlackElo "1892"]
[PlyCount "48"]
[EventDate "2015.01.24"]
[EventType "swiss"]
[EventRounds "14"]
[EventCountry "ESP"]
[SourceTitle "EXT 2024"]
[Source "ChessBase"]
[SourceDate "2023.10.10"]
[SourceVersion "1"]
[SourceVersionDate "2023.10.10"]
[SourceQuality "1"]
[WhiteTeam "El Sauzal Libreria Barco"]
[BlackTeam "Canaris 64"]
[WhiteTeamCountry "ESP"]
[BlackTeamCountry "ESP"]

1. e4 c5 2. Nf3 d6 3. d4 cxd4 4. Nxd4 Nf6 5. Nc3 a6 6. Bc4 e5 7. Nde2 Qc7 8. Bb3 Be7 9. 0-0 0-0 10. Bg5 Nbd7 11. Ng3 Nb6 12. Qf3 Be6 13. Nf5 Bxf5 14. Qxf5 Nbd7 15. Rad1 Rad8 16. Rd3 g6 17. Rg3 Kg7 18. Qh3 h5 19. Qh4 Rde8 20. Rd1 Qd8 21. f4 Ng4 22. Rxg4 hxg4 23. Qh6+ Kg8 24. Qxg6+ Kh8 1-0

[Event "Tenerife-chT"]
[Site "Tenerife"]
[Date "2013.04.13"]
[Round "11.4"]
[White "Kraus, Oliver"]
[Black "Alvarez Diaz, Victor Alfonso"]
[Result "1-0"]
[WhiteElo "2083"]
[BlackElo "1882"]
[PlyCount "75"]
[EventDate "2013.01.19"]
[EventType "team-tourn"]
[EventRounds "14"]
[EventCountry "ESP"]
[SourceTitle "EXT 2014"]
[Source "ChessBase"]
[SourceDate "2013.11.20"]
[SourceVersion "1"]
[SourceVersionDate "2013.11.20"]
[SourceQuality "1"]
[WhiteTeam "Rey Ahogado"]
[BlackTeam "Canarias 64"]
[WhiteTeamCountry "ESP"]
[BlackTeamCountry "ESP"]

1. e4 c5 2. Nc3 Nc6 3. Nf3 e6 4. Bb5 Qc7 5. 0-0 a6 6. Bxc6 bxc6 7. d3 Nf6 8. e5 Nd5 9. Ne4 a5 10. c4 Nb4 11. Be3 Na6 12. Qd2 Be7 13. Bg5 Bf8 14. Rae1 h6 15. Bf4 Be7 16. a3 Rb8 17. Re2 Qb6 18. Rfe1 Nc7 19. h3 Kf8 20. Rb1 Na6 21. Qe3 Nc7 22. Nfd2 Ne8 23. Qf3 Ba6 24. Be3 a4 25. b4 axb3 26. Rxb3 Qa7 27. Rxb8 Qxb8 28. Nxc5 Bc8 29. Bd4 Qa8 30. a4 Qa5 31. Nde4 Nc7 32. Rb2 Qa8 33. Qd1 Kg8 34. Qb1 Kh7 35. Rb8 Qa5 36. Bc3 Qa7 37. d4 Na6 38. Nf6# 1-0

[Event "Tenerife-chT"]
[Site "Tenerife"]
[Date "2013.04.06"]
[Round "10.3"]
[White "Hernandez Leon, Alberto"]
[Black "Alvarez Diaz, Victor Alfonso"]
[Result "1-0"]
[WhiteElo "2223"]
[BlackElo "1882"]
[PlyCount "48"]
[EventDate "2013.01.19"]
[EventType "team-tourn"]
[EventRounds "14"]
[EventCountry "ESP"]
[SourceTitle "EXT 2014"]
[Source "ChessBase"]
[SourceDate "2013.11.20"]
[SourceVersion "1"]
[SourceVersionDate "2013.11.20"]
[SourceQuality "1"]
[WhiteTeam "Casa de Venezuela Ebano"]
[BlackTeam "Canarias 64"]
[WhiteTeamCountry "ESP"]
[BlackTeamCountry "ESP"]

1. d4 Nf6 2. Nf3 e6 3. c4 d5 4. g3 c6 5. Bg2 Be7 6. 0-0 0-0 7. Nbd2 Nbd7 8. Qc2 Re8 9. Rd1 Bd6 10. e4 dxe4 11. Nxe4 Nxe4 12. Qxe4 Nf6 13. Qe2 h6 14. Ne5 Qc7 15. Bf4 g5 16. Bd2 c5 17. Bc3 Bf8 18. dxc5 Bg7 19. Qe3 Rd8 20. c6 Rxd1+ 21. Rxd1 bxc6 22. Nxc6 Bb7 23. Ba5 Qxc6 24. Bxc6 Bxc6 1-0

[Event "Tenerife-chT"]
[Site "Tenerife"]
[Date "2013.03.02"]
[Round "6.4"]
[White "Alvarez Diaz, Victor Alfonso"]
[Black "Molina Rodriguez, Borja"]
[Result "0-1"]
[WhiteElo "1882"]
[BlackElo "2090"]
[PlyCount "68"]
[EventDate "2013.01.19"]
[EventType "team-tourn"]
[EventRounds "14"]
[EventCountry "ESP"]
[SourceTitle "EXT 2014"]
[Source "ChessBase"]
[SourceDate "2013.11.20"]
[SourceVersion "1"]
[SourceVersionDate "2013.11.20"]
[SourceQuality "1"]
[WhiteTeam "Canarias 64"]
[BlackTeam "El Sauzal Libreria Barco"]
[WhiteTeamCountry "ESP"]
[BlackTeamCountry "ESP"]

1. d4 Nf6 2. c4 e6 3. g3 d5 4. Nf3 Be7 5. Bg2 0-0 6. 0-0 dxc4 7. Qc2 b5 8. Ne5 Qxd4 9. Bxa8 Qxe5 10. Bf4 Qh5 11. Bg2 e5 12. Bc1 Ng4 13. h3 Nf6 14. Kh2 Nc6 15. f3 Nd4 16. Qd1 Rd8 17. Nd2 Nd5 18. Ne4 f5 19. Nf2 f4 20. g4 Qh4 21. Bd2 h5 22. Rc1 Ne3 23. Bxe3 fxe3 24. Ne4 hxg4 25. Qe1 Qh5 26. fxg4 Bxg4 27. Ng3 Qh7 28. b3 Rd6 29. bxc4 Rh6 30. cxb5 Bxh3 31. Bxh3 Rxh3+ 32. Kg1 Qh4 33. Kg2 Rh2+ 34. Kg1 Qh3 0-1

[Event "Tenerife op 21st"]
[Site "Tenerife"]
[Date "2010.12.28"]
[Round "8"]
[White "Ferrera Gonzalez, Carlos"]
[Black "Alvarez Diaz, Victor Alfonso"]
[Result "0-1"]
[WhiteElo "1485"]
[BlackElo "1966"]
[PlyCount "78"]
[EventDate "2010.12.16"]
[EventType "swiss"]
[EventRounds "9"]
[EventCountry "ESP"]
[SourceTitle "CBM 140 Extra"]
[Source "ChessBase"]
[SourceDate "2011.03.01"]
[SourceVersion "1"]
[SourceVersionDate "2011.03.01"]
[SourceQuality "1"]

1. e4 g6 2. Nf3 Bg7 3. d4 d6 4. Bf4 c6 5. c3 Qb6 6. Qb3 Nf6 7. Nbd2 Qxb3 8. axb3 0-0 9. Bd3 Nbd7 10. 0-0 Re8 11. Nc4 b6 12. Rfe1 Bb7 13. Bxd6 exd6 14. Nxd6 Reb8 15. Nxf7 Kxf7 16. e5 Nd5 17. e6+ Ke7 18. exd7+ Kxd7 19. Ng5 Nf6 20. Re2 Bh6 21. Nf7 Bf8 22. Ng5 a5 23. Rae1 Re8 24. Rxe8 Rxe8 25. Rxe8 Kxe8 26. Nxh7 Nxh7 27. Bxg6+ Ke7 28. Bxh7 Bh6 29. Kf1 Bc1 30. Ke2 Bxb2 31. Kd3 b5 32. Kc2 Ba1 33. Bg8 a4 34. g4 a3 35. b4 Bc8 36. Kb3 Bb2 37. h3 Kf8 38. Bh7 Be6+ 39. Kc2 Ba1 0-1

[Event "Tenerife op 21st"]
[Site "Tenerife"]
[Date "2010.12.27"]
[Round "7"]
[White "Alvarez Diaz, Victor Alfonso"]
[Black "Darias Darias, Luis"]
[Result "0-1"]
[WhiteElo "1966"]
[BlackElo "1877"]
[PlyCount "60"]
[EventDate "2010.12.16"]
[EventType "swiss"]
[EventRounds "9"]
[EventCountry "ESP"]
[SourceTitle "CBM 140 Extra"]
[Source "ChessBase"]
[SourceDate "2011.03.01"]
[SourceVersion "1"]
[SourceVersionDate "2011.03.01"]
[SourceQuality "1"]

1. d4 Nf6 2. c4 e6 3. Nf3 b6 4. e3 Bb7 5. Bd3 Bb4+ 6. Bd2 Bxd2+ 7. Nbxd2 d5 8. 0-0 Nbd7 9. Rc1 0-0 10. Qc2 c5 11. cxd5 exd5 12. b3 Rc8 13. Qb1 Re8 14. Rfd1 Ne4 15. h3 Qf6 16. Rf1 a6 17. dxc5 Ndxc5 18. Bxe4 dxe4 19. Nd4 Nd3 20. Rxc8 Rxc8 21. Nc4 b5 22. Nb2 Qg6 23. Nxd3 exd3 24. f3 Rc3 25. Qd1 b4 26. Qd2 h5 27. Kh1 Bc8 28. Rd1 Qg3 29. Qe1 Qxe1+ 30. Rxe1 d2 0-1

[Event "Tenerife op 21st"]
[Site "Tenerife"]
[Date "2010.12.20"]
[Round "3"]
[White "Alvarez Diaz, Victor Alfonso"]
[Black "Febles Dominguez, Alfonso Jesus"]
[Result "1-0"]
[WhiteElo "1966"]
[BlackElo "1488"]
[PlyCount "97"]
[EventDate "2010.12.16"]
[EventType "swiss"]
[EventRounds "9"]
[EventCountry "ESP"]
[SourceTitle "CBM 140 Extra"]
[Source "ChessBase"]
[SourceDate "2011.03.01"]
[SourceVersion "1"]
[SourceVersionDate "2011.03.01"]
[SourceQuality "1"]

1. e4 c5 2. Nf3 d6 3. d4 cxd4 4. Nxd4 Nf6 5. Bd3 g6 6. 0-0 Bg7 7. c4 0-0 8. Nc3 a6 9. Be2 Nc6 10. Be3 Nd7 11. Nxc6 bxc6 12. f4 Rb8 13. Qd2 c5 14. Rab1 e6 15. Qxd6 Qa5 16. Qd2 Rd8 17. Rfd1 Bb7 18. Qc2 f5 19. e5 Bf8 20. Rd2 Qc7 21. Rbd1 Be7 22. Bf1 Nb6 23. Rxd8+ Rxd8 24. Rxd8+ Qxd8 25. Qd2 Qc7 26. a3 Qc6 27. Qf2 Nd7 28. Be2 Qb6 29. b4 Bc6 30. Bf3 Kf7 31. Bxc6 Qxc6 32. b5 axb5 33. cxb5 Qb6 34. Qd2 Qc7 35. a4 Nb6 36. Qd3 Qa7 37. Qc2 Nc4 38. Bf2 Na5 39. Nd1 Qb6 40. Nb2 Nb7 41. Nc4 Qc7 42. b6 Qc6 43. h3 Bd8 44. Qb3 Be7 45. a5 Nd8 46. a6 Kg7 47. b7 Qxa6 48. b8Q Nc6 49. Q8b7 1-0

[Event "Tenerife op 21st"]
[Site "Tenerife"]
[Date "2010.12.17"]
[Round "2"]
[White "Kurajica, Bojan"]
[Black "Alvarez Diaz, Victor Alfonso"]
[Result "1-0"]
[WhiteElo "2535"]
[BlackElo "1966"]
[PlyCount "87"]
[EventDate "2010.12.16"]
[EventType "swiss"]
[EventRounds "9"]
[EventCountry "ESP"]
[SourceTitle "CBM 140 Extra"]
[Source "ChessBase"]
[SourceDate "2011.03.01"]
[SourceVersion "1"]
[SourceVersionDate "2011.03.01"]
[SourceQuality "1"]

1. Nf3 Nf6 2. d4 d5 3. c4 e6 4. g3 Be7 5. Bg2 0-0 6. 0-0 c6 7. Nc3 Nbd7 8. Nd2 h6 9. e4 dxe4 10. Ndxe4 Nxe4 11. Nxe4 Nf6 12. Nc3 c5 13. Be3 cxd4 14. Qxd4 Qa5 15. c5 Rd8 16. Qc4 a6 17. Rfd1 Qc7 18. Rxd8+ Bxd8 19. Qb3 Rb8 20. Re1 e5 21. Nd5 Nxd5 22. Bxd5 Bf5 23. h4 Bf6 24. Qc4 Rc8 25. g4 Bg6 26. h5 Bh7 27. Qb3 Rb8 28. Rc1 Bg5 29. Rc4 Bxe3 30. Qxe3 Rd8 31. Qf3 Rd7 32. c6 bxc6 33. Rxc6 Qd8 34. Qc3 Qg5 35. Rc8+ Rd8 36. Rxd8+ Qxd8 37. Qxe5 Qc8 38. Qf4 Qe8 39. b4 Bd3 40. a4 g6 41. b5 axb5 42. axb5 g5 43. Qf6 Bxb5 44. Qg6+ 1-0

[Event "Tenerife Cristo Centenario op"]
[Site "Tenerife "]
[Date "2010.09.28"]
[Round "9"]
[White "Alvarez Diaz, Victor Alfonso"]
[Black "Korneev, Svyatoslav"]
[Result "0-1"]
[WhiteElo "1966"]
[BlackElo "1787"]
[PlyCount "64"]
[EventDate "2010.09.20"]
[EventType "swiss"]
[EventRounds "9"]
[EventCountry "ESP"]
[SourceTitle "EXT 2013"]
[Source "ChessBase"]
[SourceDate "2012.11.22"]
[SourceVersion "1"]
[SourceVersionDate "2012.11.22"]
[SourceQuality "1"]

1. e4 e6 2. c4 d5 3. cxd5 exd5 4. exd5 Nf6 5. Nf3 Bg4 6. Be2 Bd6 7. Nc3 0-0 8. 0-0 Re8 9. d4 Nbd7 10. Bg5 h6 11. Bh4 Qb8 12. Bg3 Bxg3 13. hxg3 Nb6 14. Bb5 Rd8 15. Re1 a6 16. Bd3 Nfxd5 17. Qb3 Be6 18. Qd1 Nb4 19. Bb1 c5 20. a3 Nc6 21. Qd3 Ne7 22. Qh7+ Kf8 23. dxc5 Nd7 24. b4 Qc7 25. Ne4 Ng6 26. Nd6 Nf6 27. Qxg6 fxg6 28. Rxe6 Ne8 29. Nc4 Rd1+ 30. Kh2 Qf7 31. Re4 g5 32. g4 Nf6 0-1

[Event "Tenerife Cristo Centenario op"]
[Site "Tenerife "]
[Date "2010.09.24"]
[Round "5"]
[White "De la Rubia Ramirez, Dulce Nombre"]
[Black "Alvarez Diaz, Victor Alfonso"]
[Result "0-1"]
[WhiteElo "1774"]
[BlackElo "1966"]
[PlyCount "50"]
[EventDate "2010.09.20"]
[EventType "swiss"]
[EventRounds "9"]
[EventCountry "ESP"]
[SourceTitle "EXT 2013"]
[Source "ChessBase"]
[SourceDate "2012.11.22"]
[SourceVersion "1"]
[SourceVersionDate "2012.11.22"]
[SourceQuality "1"]

1. e4 c5 2. Nc3 Nc6 3. g3 d6 4. Bg2 g6 5. f4 Bg7 6. Nf3 e6 7. d3 Nge7 8. 0-0 0-0 9. Be3 a6 10. Qe2 b5 11. Rab1 Qc7 12. Bf2 Bb7 13. g4 Rac8 14. Rfd1 Nd4 15. Qd2 f5 16. g5 e5 17. Re1 fxe4 18. Nxe4 Nxf3+ 19. Bxf3 Rxf4 20. Re3 d5 21. Ng3 d4 22. Bxb7 dxe3 23. Bxe3 Qxb7 24. Bxf4 exf4 25. Qxf4 Bd4+ 0-1

[Event "Tenerife Cristo Centenario op"]
[Site "Tenerife "]
[Date "2010.09.22"]
[Round "3"]
[White "Rodriguez Garcia, Yaiza"]
[Black "Alvarez Diaz, Victor Alfonso"]
[Result "1-0"]
[WhiteElo "1674"]
[BlackElo "1966"]
[PlyCount "113"]
[EventDate "2010.09.20"]
[EventType "swiss"]
[EventRounds "9"]
[EventCountry "ESP"]
[SourceTitle "EXT 2013"]
[Source "ChessBase"]
[SourceDate "2012.11.22"]
[SourceVersion "1"]
[SourceVersionDate "2012.11.22"]
[SourceQuality "1"]

1. e4 c5 2. Nf3 Nc6 3. c3 d5 4. exd5 Qxd5 5. Bb5 Bg4 6. Bxc6+ Qxc6 7. d3 Bxf3 8. Qxf3 Qxf3 9. gxf3 0-0-0 10. Ke2 e5 11. Be3 Nf6 12. Nd2 Nd5 13. Ne4 Nxe3 14. fxe3 Be7 15. Rhg1 g6 16. Rac1 Kb8 17. a3 Rd7 18. b4 cxb4 19. cxb4 Rhd8 20. Rc3 b6 21. h3 h6 22. Rd1 f5 23. Nf2 g5 24. Rc6 Rd6 25. Rdc1 Bf6 26. b5 Rxc6 27. Rxc6 Bg7 28. Rg6 Rd7 29. Kd2 Kb7 30. Kc2 Bf8 31. a4 Bc5 32. Kd2 f4 33. Ng4 h5 34. Nxe5 fxe3+ 35. Ke2 Rd4 36. Nc4 Rh4 37. Rxg5 Rxh3 38. Nxe3 h4 39. Ng4 Rg3 40. f4 h3 41. Nh2 Rg2+ 42. Rxg2 hxg2 43. Nf3 g1Q 44. Nxg1 Bxg1 45. Kf3 Kc7 46. Ke4 Bc5 47. Kd5 Kd7 48. f5 Ke7 49. d4 Bd6 50. Kc6 Bf4 51. d5 Be3 52. d6+ Kd8 53. f6 Bh6 54. Kb7 Ke8 55. Kxa7 Be3 56. Kb7 Bd4 57. Kc7 1-0

[Event "Tenerife op 20th"]
[Site "Tenerife"]
[Date "2009.12.27"]
[Round "7"]
[White "Lestao Balseiro, Adrian"]
[Black "Alvarez Diaz, Victor Alfonso"]
[Result "1-0"]
[WhiteElo "2215"]
[BlackElo "1992"]
[PlyCount "53"]
[EventDate "2009.12.19"]
[EventType "swiss"]
[EventRounds "9"]
[EventCountry "ESP"]
[SourceTitle "CBM 134 Extra"]
[Source "ChessBase"]
[SourceDate "2010.03.03"]
[SourceVersion "1"]
[SourceVersionDate "2010.03.03"]
[SourceQuality "1"]

1. e4 c5 2. Nf3 e6 3. d4 cxd4 4. Nxd4 Nf6 5. Nc3 Nc6 6. Ndb5 d6 7. Bf4 e5 8. Bg5 a6 9. Na3 b5 10. Nd5 Be7 11. Bxf6 Bxf6 12. c3 0-0 13. Nc2 Bg5 14. g3 Kh8 15. Bg2 Be6 16. 0-0 Rc8 17. a4 f5 18. exf5 Bxf5 19. axb5 Bxc2 20. Qxc2 axb5 21. Be4 g6 22. Qd3 Qe8 23. Kg2 Ne7 24. h4 Nxd5 25. hxg5 Nb6 26. Ra7 d5 27. Rh1 1-0

[Event "El Sauzal op 9th"]
[Site "El Sauzal"]
[Date "2008.11.01"]
[Round "2"]
[White "Alvarez Diaz, Victor Alfonso"]
[Black "Pogorelov, Ruslan"]
[Result "0-1"]
[WhiteElo "1980"]
[BlackElo "2441"]
[PlyCount "56"]
[EventDate "2008.11.01"]
[EventType "swiss (rapid)"]
[EventRounds "9"]
[EventCountry "ESP"]
[SourceTitle "CBM 127 Extra"]
[Source "ChessBase"]
[SourceDate "2009.01.08"]
[SourceVersion "2"]
[SourceVersionDate "2009.01.28"]
[SourceQuality "1"]

1. e4 c5 2. Nf3 Nc6 3. d4 cxd4 4. Nxd4 Qc7 5. Nxc6 bxc6 6. Bd3 Nf6 7. c4 e5 8. 0-0 Bc5 9. Nd2 d6 10. Nf3 h6 11. h3 0-0 12. Re1 Rb8 13. Rb1 Rd8 14. Be3 Nd7 15. Qc2 a5 16. Bf1 Bxe3 17. Rxe3 Nc5 18. Rd1 Ne6 19. g3 c5 20. Kh2 Nd4 21. Nxd4 cxd4 22. Ree1 Be6 23. Rc1 Rb6 24. Rb1 Rdb8 25. b3 Qc5 26. Bd3 a4 27. Rb2 Qb4 28. Re2 Qc3 0-1

[Event "El Sauzal op 9th"]
[Site "El Sauzal"]
[Date "2008.11.01"]
[Round "4"]
[White "Barlov, Dragan"]
[Black "Alvarez Diaz, Victor Alfonso"]
[Result "1-0"]
[WhiteElo "2463"]
[BlackElo "1980"]
[PlyCount "55"]
[EventDate "2008.11.01"]
[EventType "swiss (rapid)"]
[EventRounds "9"]
[EventCountry "ESP"]
[SourceTitle "CBM 127 Extra"]
[Source "ChessBase"]
[SourceDate "2009.01.08"]
[SourceVersion "2"]
[SourceVersionDate "2009.01.28"]
[SourceQuality "1"]

1. e4 c5 2. Nf3 a6 3. c3 d5 4. exd5 Qxd5 5. d4 Nf6 6. Be2 e6 7. 0-0 cxd4 8. Nxd4 Be7 9. Bf3 Qa5 10. Re1 0-0 11. Bf4 Nbd7 12. Nd2 Qc5 13. N2b3 Qb6 14. Nf5 Re8 15. Nxe7+ Rxe7 16. Qd6 Re8 17. Rad1 h6 18. Qxb6 Nxb6 19. Nc5 Nc4 20. b3 e5 21. Bg3 Na5 22. Bxe5 Nc6 23. Bxf6 Rxe1+ 24. Rxe1 gxf6 25. Re8+ Kg7 26. Bxc6 bxc6 27. f3 a5 28. Kf2 1-0

[Event "La Laguna op 1st"]
[Site "La Laguna"]
[Date "2007.03.05"]
[Round "1"]
[White "Alvarez Diaz, Victor Alfonso"]
[Black "Perez Fernandez, Antonio Jose"]
[Result "1-0"]
[WhiteElo "2053"]
[BlackElo "1916"]
[PlyCount "79"]
[EventDate "2007.03.05"]
[EventType "swiss"]
[EventRounds "9"]
[EventCountry "ESP"]
[SourceTitle "CBM 117 Extra"]
[Source "ChessBase"]
[SourceDate "2007.05.09"]
[SourceVersion "1"]
[SourceVersionDate "2007.05.09"]
[SourceQuality "1"]

1. e4 e5 2. Nf3 Nc6 3. Bc4 Nf6 4. d3 Bc5 5. c3 d6 6. 0-0 0-0 7. h3 h6 8. b4 Bb6 9. a4 a6 10. Re1 a5 11. b5 Ne7 12. d4 c5 13. dxe5 dxe5 14. Qxd8 Rxd8 15. Nxe5 Bc7 16. Nxf7 Rd7 17. Ne5+ Kh7 18. Nxd7 Bxd7 19. Nd2 Nc8 20. e5 Nh5 21. Nf3 Ne7 22. Rd1 Bc8 23. g4 Nf4 24. Bxf4 b6 25. Rd2 Bb7 26. Rd7 Bxf3 27. Rxe7 Rf8 28. Bg3 Bd8 29. Rf7 Re8 30. Rxf3 Bc7 31. Re1 h5 32. Rf7 Bd8 33. Rd1 Bg5 34. Rdd7 Bh6 35. g5 Bxg5 36. Rxg7+ Kh6 37. Rgf7 Kg6 38. Rd6+ Bf6 39. Rdxf6+ Kg5 40. Rg7# 1-0

[Event "El Sauzal op 5th"]
[Site "El Sauzal"]
[Date "2004.11.06"]
[Round "5"]
[White "Alvarez Diaz, Victor Alfonso"]
[Black "Vidarte Morales, Arturo"]
[Result "0-1"]
[WhiteElo "2125"]
[BlackElo "2375"]
[PlyCount "61"]
[EventDate "2004.11.06"]
[EventType "swiss (rapid)"]
[EventRounds "9"]
[EventCountry "ESP"]
[SourceTitle "CBM 103 Extra"]
[Source "ChessBase"]
[SourceDate "2005.01.01"]
[SourceVersion "1"]
[SourceVersionDate "2005.01.01"]
[SourceQuality "1"]

1. e4 c5 2. Nf3 e6 3. d4 cxd4 4. Nxd4 a6 5. Nc3 Qc7 6. Be3 b5 7. Qd2 Bb7 8. f3 Nf6 9. 0-0-0 d6 10. g4 Nfd7 11. Kb1 Ne5 12. h4 Nbd7 13. g5 Nb6 14. h5 b4 15. Nce2 Nbc4 16. Qc1 Rc8 17. g6 hxg6 18. Ng3 gxh5 19. Nxh5 Nxe3 20. Qxe3 Rh6 21. Nxg7+ Bxg7 22. Rxh6 Bxh6 23. Qxh6 Nxf3 24. Rc1 Nxd4 25. Qh8+ Ke7 26. Qxd4 Qc5 27. Qd3 Qe5 28. Bg2 Rg8 29. Bh1 Rg3 30. Qe2 a5 31. Rd1 0-1

[Event "Tenerife-ch"]
[Site "Tenerife"]
[Date "2003.02.27"]
[Round "9.9"]
[White "Machin Arbelo, Pedro Alexis"]
[Black "Alvarez Diaz, Victor Alfonso"]
[Result "1-0"]
[WhiteElo "2029"]
[BlackElo "2179"]
[PlyCount "76"]
[EventDate "2003.02.28"]
[EventType "swiss"]
[EventRounds "9"]
[EventCountry "ESP"]
[SourceTitle "CBM 093 Extra"]
[Source "ChessBase"]
[SourceDate "2003.05.09"]
[SourceVersion "1"]
[SourceVersionDate "2003.05.09"]
[SourceQuality "1"]

1. Nf3 Nf6 2. c4 g6 3. Nc3 Bg7 4. d4 d6 5. g3 0-0 6. Bg2 Nbd7 7. 0-0 c5 8. b3 e5 9. dxe5 dxe5 10. e4 Nb8 11. Qxd8 Rxd8 12. Bg5 Nc6 13. Nd5 Rd6 14. Bxf6 Bxf6 15. Rad1 Bg4 16. Rd3 Bxf3 17. Rxf3 Bd8 18. Rd3 Nd4 19. f4 exf4 20. gxf4 Rb8 21. e5 Ra6 22. Rd2 b5 23. cxb5 Rxb5 24. Rc1 Bb6 25. Kh1 Rba5 26. Nc3 Ne6 27. Bb7 c4 28. Nd5 Rxa2 29. Rxa2 Rxa2 30. bxc4 Rf2 31. f5 Nc5 32. Bc8 Nd3 33. Nf6+ Kg7 34. Rd1 Nxe5 35. Ne4 Re2 36. f6+ Kf8 37. Ng3 Rc2 38. Ba6 Ng4 1-0

[Event "Tenerife-ch"]
[Site "Tenerife"]
[Date "2003.02.25"]
[Round "7.11"]
[White "Alvarez Diaz, Victor Alfonso"]
[Black "Rodriguez Sanchez, Antonio Jesus"]
[Result "1-0"]
[WhiteElo "2179"]
[BlackElo "2001"]
[PlyCount "53"]
[EventDate "2003.02.28"]
[EventType "swiss"]
[EventRounds "9"]
[EventCountry "ESP"]
[SourceTitle "CBM 093 Extra"]
[Source "ChessBase"]
[SourceDate "2003.05.09"]
[SourceVersion "1"]
[SourceVersionDate "2003.05.09"]
[SourceQuality "1"]

1. e4 Nf6 2. e5 Nd5 3. d4 d6 4. Nf3 g6 5. Be2 Bg7 6. exd6 cxd6 7. 0-0 0-0 8. c4 Nf6 9. Nc3 Re8 10. Bf4 Nh5 11. Be3 Nd7 12. Rc1 e5 13. d5 Nhf6 14. h3 e4 15. Nd4 h5 16. b4 a5 17. a3 axb4 18. axb4 Nb6 19. Ndb5 Bf5 20. Bf4 Nc8 21. c5 Bf8 22. Bg5 dxc5 23. Bxf6 Qxf6 24. Nc7 cxb4 25. Nxe8 Qe5 26. Nb5 e3 27. Qd4 1-0

[Event "Tenerife-ch"]
[Site "Santa Cruz de Tenerife"]
[Date "2002.02.05"]
[Round "8"]
[White "Egea Vandeppette, Eduardo"]
[Black "Alvarez Diaz, Victor Alfonso"]
[Result "0-1"]
[WhiteElo "1324"]
[BlackElo "2179"]
[PlyCount "63"]
[EventDate "2002.01.11"]
[EventType "swiss"]
[EventRounds "8"]
[EventCountry "ESP"]
[SourceTitle "CBM 086 Extra"]
[Source "ChessBase"]
[SourceDate "2002.03.14"]
[SourceVersion "1"]
[SourceVersionDate "2002.03.14"]
[SourceQuality "1"]

1. e4 Nf6 2. e5 Nd5 3. d4 d6 4. Bc4 Nb6 5. Bb3 dxe5 6. Qh5 e6 7. dxe5 c5 8. c3 g6 9. Qe2 Bg7 10. Nf3 Nc6 11. Bg5 Qc7 12. Bf6 Bxf6 13. exf6 Qf4 14. Nbd2 Qxf6 15. Ne4 Qe7 16. 0-0-0 0-0 17. h4 h5 18. Nfd2 Nd5 19. g4 Nf4 20. Qe3 e5 21. gxh5 Bg4 22. hxg6 Bxd1 23. gxf7+ Kh8 24. Rxd1 b5 25. Nxc5 Qxc5 26. Qf3 Rad8 27. Rg1 Nd4 28. Qg4 Nde2+ 29. Kb1 Nxg1 30. Qxg1 Qd6 31. Ne4 Qd3+ 32. Bc2 0-1

[Event "Tenerife-ch"]
[Site "Santa Cruz de Tenerife"]
[Date "2002.01.14"]
[Round "2"]
[White "Alvarez Diaz, Victor Alfonso"]
[Black "Gomez Camacho, Rodolfo"]
[Result "1-0"]
[WhiteElo "2179"]
[BlackElo "1471"]
[PlyCount "71"]
[EventDate "2002.01.11"]
[EventType "swiss"]
[EventRounds "8"]
[EventCountry "ESP"]
[SourceTitle "CBM 086 Extra"]
[Source "ChessBase"]
[SourceDate "2002.03.14"]
[SourceVersion "1"]
[SourceVersionDate "2002.03.14"]
[SourceQuality "1"]

1. e4 c5 2. Nf3 d6 3. d4 cxd4 4. Nxd4 Nf6 5. Bd3 g6 6. c4 Bg7 7. Nc3 Ng4 8. Be2 Qb6 9. Bxg4 Bxg4 10. Qxg4 Bxd4 11. Qc8+ Qd8 12. Qxb7 Bxc3+ 13. bxc3 Nd7 14. Be3 0-0 15. 0-0 Qc8 16. Rab1 Rd8 17. Qxc8 Raxc8 18. Rb7 Rxc4 19. Rfb1 Ra4 20. Rxa7 Rxa7 21. Bxa7 Kf8 22. f3 Ra8 23. Rb7 Ke8 24. a4 Kd8 25. a5 Kc8 26. a6 f6 27. Kf2 h6 28. f4 e6 29. Ke3 g5 30. g3 g4 31. Kd4 h5 32. Kc4 Nc5 33. Bxc5 dxc5 34. Rb6 Kd7 35. Kxc5 Rc8+ 36. Kb4 1-0

[Event "Tenerife-ch"]
[Site "Santa Cruz de Tenerife"]
[Date "2002.01.11"]
[Round "1"]
[White "Trujillo Delgado, Dafnae Lorena"]
[Black "Alvarez Diaz, Victor Alfonso"]
[Result "0-1"]
[WhiteElo "1443"]
[BlackElo "2179"]
[PlyCount "81"]
[EventDate "2002.01.11"]
[EventType "swiss"]
[EventRounds "8"]
[EventCountry "ESP"]
[SourceTitle "CBM 086 Extra"]
[Source "ChessBase"]
[SourceDate "2002.03.14"]
[SourceVersion "1"]
[SourceVersionDate "2002.03.14"]
[SourceQuality "1"]

1. e4 c6 2. d4 d5 3. exd5 cxd5 4. Bd3 Nc6 5. c3 Nf6 6. Bf4 Qb6 7. b3 Bg4 8. Ne2 e6 9. 0-0 Be7 10. Nd2 0-0 11. Rc1 Nh5 12. Be3 Nf6 13. Qc2 Rac8 14. Qb1 Ba3 15. Rc2 Bd6 16. h3 Bf5 17. Rcc1 Ba3 18. Rce1 Ne7 19. Bg5 Bg6 20. b4 a5 21. Bxg6 hxg6 22. Qb3 axb4 23. Rb1 Nc6 24. Qxa3 Qb5 25. c4 dxc4 26. Bxf6 c3 27. Nxc3 Qxf1+ 28. Kxf1 bxa3 29. Bg5 Nxd4 30. Nce4 Rc2 31. Be7 Ra8 32. Nb3 Nc6 33. Bd6 Rxa2 34. Nc3 Rc2 35. Ne4 Rb2 36. Ned2 Rxb1+ 37. Nxb1 a2 38. Na3 Rd8 39. Nc4 b5 40. Bc7 Rd3 41. Na1 0-1